000 00703nam a2200289Ia 4500
005 20260324134359.0
008 008 260324s9999 xx 000 0 eng d
020 _a9781315195278
037 _aEBOOK
040 _aCRL
040 _beng
040 _cCRL
041 _2eng
041 _aeng
084 _qCRL
100 _aThanh Duong
_91196599
245 0 _aHegemonic Globalisation
245 0 _bU.S. Centrality and Global Strategy in the Emerging World Order
260 _bTaylor and Francis
260 _c2002
365 _a
365 _b180
856 _uhttp://www.taylorfrancis.com/books/9781315195278
942 _cEBOOK
999 _c1796636
_d1796636